[Event "Koege Lang Jubilaeum Weekend Grp4 2022"]
[Site "Koge"]
[Date "2022.07.06"]
[Round "1"]
[White "Henriksen, Niels Sewerin"]
[Black "Skjoldborg, Lasse Dahl"]
[Result "1-0"]
[WhiteElo "1325"]
[BlackElo "1136"]
[PlyCount "115"]
[EventDate "2022.07.06"]
[EventType "swiss"]
[EventRounds "9"]
[EventCountry "DEN"]

1. c4 e5 2. Nc3 Bb4 3. g3 Bxc3 4. bxc3 d6 5. Bg2 Ne7 6. e4 b6 7. Ne2 Bg4 8. O-O
Nd7 9. d3 Qc8 10. Be3 Qa6 11. Qd2 O-O-O 12. h3 Be6 13. Kh2 Nf6 14. Bg5 Neg8 15.
f4 exf4 16. Nxf4 h6 17. Nxe6 fxe6 18. Be3 h5 19. Bf3 Qa5 20. Bg5 Rf8 21. Be2
Nh6 22. Kg2 Nf7 23. Bxf6 gxf6 24. Rxf6 Qe5 25. Raf1 Rhg8 26. R1f3 h4 27. Qf4
Qxf4 28. R6xf4 hxg3 29. Rxf7 Re8 30. Rxg3 Rxg3+ 31. Kxg3 Rg8+ 32. Bg4 Rg5 33.
h4 Ra5 34. Bxe6+ Kb7 35. Bd5+ Kc8 36. Kg4 Rxa2 37. Be6+ Kb7 38. h5 Rg2+ 39. Kh3
Rg5 40. Bd5+ Kc8 41. h6 Rh5+ 42. Kg4 Rxh6 43. Kg5 Rh1 44. Bc6 Rg1+ 45. Kh4 Rh1+
46. Kg3 Rh8 47. d4 Rg8+ 48. Kf3 Kd8 49. e5 Rg1 50. Kf2 Rg6 51. Rf6 Rg7 52. e6
Ke7 53. Rh6 Rg8 54. Bd7 Rf8+ 55. Ke3 a5 56. d5 Ra8 57. Rh7+ Kd8 58. Rh8+ 1-0

[Event "Koege Lang Jubilaeum Weekend Grp4 2022"]
[Site "Koge"]
[Date "2022.07.06"]
[Round "1"]
[White "Dyremose, Morten Sigvart"]
[Black "Meldal, Peter"]
[Result "0-1"]
[WhiteElo "1432"]
[BlackElo "1322"]
[PlyCount "96"]
[EventDate "2022.07.06"]
[EventType "swiss"]
[EventRounds "9"]
[EventCountry "DEN"]

1. e4 e5 2. Nf3 Nc6 3. Bc4 Nf6 4. d3 Be7 5. Nc3 O-O 6. Bg5 h6 7. Bxf6 Bxf6 8.
Nd5 d6 9. Nxf6+ Qxf6 10. h3 a6 11. c3 Na5 12. Bb3 Nxb3 13. Qxb3 b5 14. Qc2 Be6
15. d4 c6 16. Qd2 Rfe8 17. O-O Bxh3 18. Ng5 Bxg2 19. Kxg2 Qxg5+ 20. Qxg5 hxg5
21. f3 f6 22. Rh1 Kf7 23. Rh2 Rh8 24. Rah1 Rxh2+ 25. Rxh2 Rb8 26. b4 Ra8 27.
Kg3 a5 28. a3 axb4 29. axb4 exd4 30. cxd4 Ra3 31. Rb2 Rd3 32. d5 cxd5 33. exd5
Rxd5 34. Kf2 Ke6 35. Re2+ Re5 36. Rc2 g6 37. Rd2 Rf5 38. Rd3 g4 39. Kg3 gxf3
40. Rxf3 Rxf3+ 41. Kxf3 Ke5 42. Ke3 g5 43. Kf3 d5 44. Ke3 g4 45. Kd3 f5 46. Ke3
d4+ 47. Kd3 g3 48. Ke2 f4 0-1

[Event "Koege Lang Jubilaeum Weekend Grp4 2022"]
[Site "Koge"]
[Date "2022.07.06"]
[Round "1"]
[White "Tolba, Henri"]
[Black "Skarved, Mattias"]
[Result "1/2-1/2"]
[WhiteElo "1612"]
[BlackElo "1470"]
[PlyCount "89"]
[EventDate "2022.07.06"]
[EventType "swiss"]
[EventRounds "9"]
[EventCountry "DEN"]

1. e4 e5 2. Nf3 Nc6 3. Bb5 a6 4. Bxc6 dxc6 5. O-O Bg4 6. h3 Bh5 7. d3 Bc5 8.
Be3 Bxe3 9. fxe3 Qd6 10. Nbd2 O-O-O 11. Nc4 Qc5 12. b4 Qe7 13. Ncxe5 f6 14. Nc4
Qxb4 15. Qd2 Qc5 16. Nd4 Bf7 17. Qa5 Qxa5 18. Nxa5 Ne7 19. Rfb1 c5 20. Nf5 Nxf5
21. exf5 b6 22. Nb3 Rhe8 23. e4 c4 24. Nc1 Rd7 25. Rb4 b5 26. a4 c6 27. axb5
axb5 28. Kf2 Kc7 29. Rb2 Kd6 30. Ne2 Ke5 31. Ke3 Ree7 32. d4+ Kd6 33. c3 Bd5
34. Ng3 g5 35. Kf3 Bf7 36. Ra6 Kc7 37. Rba2 c5 38. Ra7+ Kb8 39. Ra8+ Kb7 40.
R2a7+ Kb6 41. Ra6+ Kb7 42. d5 b4 43. R8a7+ Kb8 44. Ra8+ Kb7 45. R8a7+ 1/2-1/2

[Event "Koege Lang Jubilaeum Weekend Grp4 2022"]
[Site "Koge"]
[Date "2022.07.06"]
[Round "1"]
[White "Christensen, Jonas"]
[Black "Haagen Larsen, Hans"]
[Result "1-0"]
[WhiteElo "1412"]
[BlackElo "1517"]
[PlyCount "59"]
[EventDate "2022.07.06"]
[EventType "swiss"]
[EventRounds "9"]
[EventCountry "DEN"]

1. d4 d6 2. Nf3 g6 3. g3 Bg7 4. Bg2 Nc6 5. d5 Ne5 6. c4 Bd7 7. Nxe5 Bxe5 8. f4
Bg7 9. O-O c6 10. Nc3 Qb6+ 11. Kh1 Nh6 12. Qb3 O-O 13. Qxb6 axb6 14. Be3 b5 15.
cxb5 cxb5 16. h3 b4 17. Nd1 Nf5 18. Kh2 Nxe3 19. Nxe3 Bxb2 20. Rab1 Bc3 21. Nc2
Rxa2 22. Nxb4 Rxe2 23. Rb3 Rc8 24. g4 Ba4 25. Ra3 b5 26. Nc6 Bb2 27. Ra2 Bb3
28. Rxb2 Bc4 29. Rxe2 Rxc6 30. dxc6 1-0

[Event "Koege Lang Jubilaeum Weekend Grp4 2022"]
[Site "Koge"]
[Date "2022.07.06"]
[Round "2"]
[White "Meskeniene, Virginija"]
[Black "Henriksen, Niels Sewerin"]
[Result "1-0"]
[WhiteElo "1582"]
[BlackElo "1325"]
[PlyCount "55"]
[EventDate "2022.07.06"]
[EventType "swiss"]
[EventRounds "9"]
[EventCountry "DEN"]

1. c4 f5 2. d4 Nf6 3. Nc3 c6 4. Bf4 d6 5. Nf3 g6 6. Qd2 Bg7 7. g3 O-O 8. Bg2
Na6 9. O-O-O Ng4 10. e3 e5 11. dxe5 Be6 12. Qe2 d5 13. Ng5 Re8 14. Nxe6 Rxe6
15. cxd5 Re8 16. dxc6 Qe7 17. cxb7 Rad8 18. Qxa6 Nxf2 19. Rxd8 Rxd8 20. Bd5+
Kf8 21. Rf1 Ng4 22. e6 Ne5 23. Rd1 Qc7 24. Qxa7 Qb8 25. Qxb8 Rxb8 26. a4 Ke7
27. a5 Rd8 28. a6 1-0

[Event "Koege Lang Jubilaeum Weekend Grp4 2022"]
[Site "Koge"]
[Date "2022.07.06"]
[Round "2"]
[White "Meldal, Peter"]
[Black "Noori, Yusuf"]
[Result "0-1"]
[WhiteElo "1322"]
[BlackElo "1594"]
[PlyCount "142"]
[EventDate "2022.07.06"]
[EventType "swiss"]
[EventRounds "9"]
[EventCountry "DEN"]

1. e4 c5 2. Nf3 Nc6 3. d4 cxd4 4. Nxd4 Nf6 5. Nc3 e5 6. Nb3 Bb4 7. Bd3 d5 8.
exd5 Nxd5 9. Bd2 Bxc3 10. bxc3 O-O 11. Qh5 Nf6 12. Qh4 e4 13. Be2 Ne5 14. O-O-O
Qe7 15. Bg5 Ned7 16. Be3 Nb6 17. Bc5 Qe8 18. Bxf8 Qxf8 19. Rd4 Bf5 20. Rhd1 Qe7
21. Qf4 Bg6 22. Kb1 h6 23. Qd6 Qxd6 24. Rxd6 Nfd5 25. Kb2 Na4+ 26. Kc1 Naxc3
27. Rd2 Nxa2+ 28. Kb2 Nac3 29. R6xd5 Nxd5 30. Rxd5 Re8 31. Rd7 e3 32. f3 Rc8
33. c3 Re8 34. Nd4 a5 35. Rxb7 f5 36. g3 Bf7 37. Nxf5 a4 38. Nd6 Rd8 39. Rb6
Bb3 40. c4 Ra8 41. Rc6 a3+ 42. Ka1 Ra4 43. Bd3 Kf8 44. Rc8+ Ke7 45. Nb5 Rb4 46.
Nxa3 Bd1 47. Rc7+ Kd6 48. Rxg7 Rb3 49. Nb5+ Kc5 50. Rc7+ Kb4 51. Bf1 Bc2 52.
Be2 Rb1+ 53. Ka2 Re1 54. Nd4 Kc3 55. Nb5+ Kd2 56. Bd3 Bxd3 57. Nd4 Rb1 58. Nb3+
Rxb3 59. Kxb3 e2 60. Re7 e1=Q 61. Rxe1 Kxe1 62. c5 Bb5 63. f4 Ke2 64. f5 Ke3
65. f6 Be8 66. Kc4 Ke4 67. g4 Ke5 68. h3 Kxf6 69. Kd5 Kg5 70. Ke5 Kh4 71. Kf5
Kxh3 0-1

[Event "Koege Lang Jubilaeum Weekend Grp4 2022"]
[Site "Koge"]
[Date "2022.07.06"]
[Round "2"]
[White "Skarved, Mattias"]
[Black "Christensen, Jonas"]
[Result "0-1"]
[WhiteElo "1470"]
[BlackElo "1412"]
[PlyCount "74"]
[EventDate "2022.07.06"]
[EventType "swiss"]
[EventRounds "9"]
[EventCountry "DEN"]

1. d4 d5 2. Bf4 Bf5 3. e3 Nf6 4. Bd3 Bxd3 5. Qxd3 e6 6. Nf3 Bd6 7. Bg3 c6 8.
Nbd2 Qc7 9. e4 dxe4 10. Nxe4 Nxe4 11. Qxe4 Nd7 12. O-O-O Nf6 13. Qd3 O-O-O 14.
Ne5 Nh5 15. Nc4 Nxg3 16. hxg3 h6 17. Qe4 Qe7 18. f4 f5 19. Nxd6+ Qxd6 20. Qe3
Qd5 21. Rd2 Qxa2 22. Qa3 Qxa3 23. bxa3 Rd6 24. c4 Rhd8 25. Rhd1 Kc7 26. Kc2 b6
27. a4 c5 28. a5 Rxd4 29. Rxd4 Rxd4 30. Rxd4 cxd4 31. axb6+ Kxb6 32. Kb2 Kc5
33. Kb3 a5 34. g4 fxg4 35. g3 a4+ 36. Kxa4 Kxc4 37. Ka3 Kc3 0-1

[Event "Koege Lang Jubilaeum Weekend Grp4 2022"]
[Site "Koge"]
[Date "2022.07.06"]
[Round "2"]
[White "Skjoldborg, Lasse Dahl"]
[Black "Tolba, Henri"]
[Result "0-1"]
[WhiteElo "1136"]
[BlackElo "1612"]
[PlyCount "52"]
[EventDate "2022.07.06"]
[EventType "swiss"]
[EventRounds "9"]
[EventCountry "DEN"]

1. e4 c5 2. Bc4 e6 3. d3 Nc6 4. Bb5 Nge7 5. Nd2 a6 6. Bxc6 Nxc6 7. b3 e5 8.
Ngf3 d6 9. Nc4 b5 10. Ne3 g6 11. Nd5 Bg7 12. h3 Bb7 13. g4 Ne7 14. Nxe7 Qxe7
15. Bg5 f6 16. Bh4 d5 17. exd5 Bxd5 18. Qe2 Qb7 19. Rg1 Bxf3 20. Qe3 O-O 21.
Qxc5 Rac8 22. Qe3 Rxc2 23. Rg3 Re2+ 24. Qxe2 Bxe2 25. Kxe2 g5 26. Bxg5 fxg5 0-1

[Event "Koege Lang Jubilaeum Weekend Grp4 2022"]
[Site "Koge"]
[Date "2022.07.06"]
[Round "2"]
[White "Haagen Larsen, Hans"]
[Black "Dyremose, Morten Sigvart"]
[Result "0-1"]
[WhiteElo "1517"]
[BlackElo "1432"]
[PlyCount "62"]
[EventDate "2022.07.06"]
[EventType "swiss"]
[EventRounds "9"]
[EventCountry "DEN"]

1. b4 d5 2. Bb2 e6 3. e3 Nf6 4. b5 b6 5. Nf3 Bb7 6. Be2 Bd6 7. a4 a5 8. Na3
Nbd7 9. c4 O-O 10. O-O Rc8 11. d4 c5 12. Ne5 Qc7 13. f4 Ne4 14. Bg4 f5 15. Bh3
Qd8 16. g4 Bxe5 17. fxe5 Qh4 18. Kg2 Ng5 19. Qe2 Qxh3+ 20. Kg1 dxc4 21. e4 Bxe4
22. gxf5 Nf3+ 23. Rxf3 Bxf3 24. Qf2 Rxf5 25. Qg3 Qxg3+ 26. hxg3 cxd4 27. Bxd4
Bd5 28. Nc2 Rh5 29. Ne3 Rh1+ 30. Kf2 Rxa1 31. Bxa1 c3 0-1

[Event "Koege Lang Jubilaeum Weekend Grp4 2022"]
[Site "Koge"]
[Date "2022.07.07"]
[Round "3"]
[White "Tolba, Henri"]
[Black "Christensen, Jonas"]
[Result "1-0"]
[WhiteElo "1612"]
[BlackElo "1412"]
[PlyCount "75"]
[EventDate "2022.07.06"]
[EventType "swiss"]
[EventRounds "9"]
[EventCountry "DEN"]

1. d4 d5 2. Bf4 Bf5 3. e3 e6 4. c4 Bd6 5. Bg3 a6 6. Qb3 Ra7 7. Nc3 Bxg3 8. hxg3
c6 9. Nf3 h6 10. Be2 Nf6 11. O-O Nbd7 12. Rac1 O-O 13. cxd5 exd5 14. Qd1 Re8
15. Nh4 Bh7 16. b4 Nf8 17. a4 Ng6 18. Nxg6 Bxg6 19. b5 Re6 20. bxa6 bxa6 21.
Bd3 Ne4 22. Nxe4 Bxe4 23. Bxe4 dxe4 24. Rc5 a5 25. Qc2 Qd7 26. Rc1 Ra6 27. Qc3
Qd8 28. d5 Rd6 29. dxc6 Rd1+ 30. Kh2 Rxc1 31. Qxc1 Qc7 32. Qc4 Rb6 33. Qxe4 Rb8
34. Re5 g6 35. Re8+ Rxe8 36. Qxe8+ Kg7 37. Qd7 Qe5 38. Qd4 1-0

[Event "Koege Lang Jubilaeum Weekend Grp4 2022"]
[Site "Koge"]
[Date "2022.07.07"]
[Round "3"]
[White "Meldal, Peter"]
[Black "Henriksen, Niels Sewerin"]
[Result "1-0"]
[WhiteElo "1322"]
[BlackElo "1325"]
[PlyCount "107"]
[EventDate "2022.07.06"]
[EventType "swiss"]
[EventRounds "9"]
[EventCountry "DEN"]

1. e4 d6 2. d4 Nf6 3. Nc3 Nbd7 4. Bb5 c6 5. Bc4 e5 6. dxe5 Nxe5 7. Be2 Be7 8.
h3 Qc7 9. Nf3 Ng6 10. O-O O-O 11. Re1 Nh5 12. Ng5 Nhf4 13. Nf3 Rb8 14. Bf1 b5
15. a3 Rd8 16. Ne2 d5 17. Nxf4 Nxf4 18. e5 Ne6 19. b4 d4 20. Bb2 c5 21. bxc5
Bxc5 22. Bd3 a6 23. Nh4 Nf4 24. Be4 Be6 25. Qf3 g5 26. Nf5 Qxe5 27. h4 Bxf5 28.
hxg5 Bxe4 29. Rxe4 Ne2+ 30. Qxe2 Qd5 31. Re5 Qc4 32. Qxc4 bxc4 33. Rxc5 c3 34.
Bc1 Rbc8 35. Rxc8 Rxc8 36. Bf4 Rd8 37. Rd1 Rd5 38. Rd3 Kf8 39. Be3 Ke7 40. Rxd4
Ke6 41. Rxd5 Kxd5 42. Kf1 Kc4 43. Ke2 a5 44. f4 Kb5 45. Kd3 Ka4 46. Bc1 Kb5 47.
Kxc3 Ka4 48. Kd4 Kb5 49. Kd5 Ka4 50. c4 Kb3 51. c5 Kc2 52. Be3 a4 53. c6 Kd3
54. Bc5 1-0

[Event "Koege Lang Jubilaeum Weekend Grp4 2022"]
[Site "Koge"]
[Date "2022.07.07"]
[Round "3"]
[White "Chaudhury, Anmay Kumar"]
[Black "Dyremose, Morten Sigvart"]
[Result "1-0"]
[WhiteElo "1700"]
[BlackElo "1432"]
[PlyCount "89"]
[EventDate "2022.07.06"]
[EventType "swiss"]
[EventRounds "9"]
[EventCountry "DEN"]

1. e4 c5 2. Nf3 d6 3. d4 cxd4 4. Nxd4 Nf6 5. Nc3 e5 6. Nb3 Nc6 7. f3 Be6 8. Be3
Be7 9. Qd2 d5 10. exd5 Nxd5 11. Nxd5 Bxd5 12. O-O-O Bxb3 13. Qxd8+ Bxd8 14.
axb3 Be7 15. Bd3 O-O 16. Be4 Rfd8 17. c3 a6 18. Bb6 Rxd1+ 19. Rxd1 Bg5+ 20. Kc2
g6 21. Rd7 Rb8 22. Bd5 Nd8 23. b4 Bf6 24. Bxd8 Rxd8 25. Rxd8+ Bxd8 26. Bxb7 a5
27. bxa5 Bxa5 28. b4 Bc7 29. c4 Kf8 30. c5 Ke7 31. b5 Kd7 32. b6 Bb8 33. c6+
Kd8 34. c7+ Bxc7 35. bxc7+ Kxc7 36. Bd5 f6 37. Bg8 h6 38. Bf7 g5 39. Kd3 f5 40.
Be6 e4+ 41. fxe4 fxe4+ 42. Kxe4 Kd6 43. Kf5 Ke7 44. Bc4 Kf8 45. Kg6 1-0

[Event "Koege Lang Jubilaeum Weekend Grp4 2022"]
[Site "Koge"]
[Date "2022.07.07"]
[Round "3"]
[White "Skarved, Mattias"]
[Black "Skjoldborg, Lasse Dahl"]
[Result "0-1"]
[WhiteElo "1470"]
[BlackElo "1136"]
[PlyCount "138"]
[EventDate "2022.07.06"]
[EventType "swiss"]
[EventRounds "9"]
[EventCountry "DEN"]

1. d4 d5 2. Bf4 Bf5 3. e3 Nc6 4. Bd3 Bxd3 5. Qxd3 Nf6 6. Nd2 e6 7. Ngf3 Bd6 8.
Bg3 Bxg3 9. hxg3 Qe7 10. a3 O-O-O 11. O-O-O Ng4 12. Qe2 f6 13. Ne1 f5 14. Nd3
g6 15. Nc5 a6 16. Ndb3 e5 17. f3 Nf6 18. dxe5 Qxe5 19. f4 Qe7 20. Rd3 d4 21.
Re1 Rhe8 22. Qf3 dxe3 23. Rexe3 Qf7 24. Nxa6 Rxd3 25. Rxe8+ Qxe8 26. Qxd3 Qe1+
27. Qd1 Qxd1+ 28. Kxd1 bxa6 29. Nc5 a5 30. c3 Nd5 31. Ke2 Nb6 32. a4 Nc4 33. b3
Na3 34. Kd2 Kb8 35. Nd7+ Kb7 36. Nf8 Ne7 37. Nxh7 c5 38. c4 Nc6 39. Kc1 Nd4 40.
Kb2 Nac2 41. Nf8 Ne3 42. Nxg6 Nxg2 43. Nh4 Ne1 44. Kc3 Nef3 45. Kd3 Kc6 46. Ke3
Nh2 47. Kf2 Ng4+ 48. Kg2 Kd6 49. Kf1 Ke6 50. b4 cxb4 51. Ke1 b3 52. c5 Kd5 53.
Nxf5 Nxf5 54. Kd2 Kxc5 55. Kc3 Nd4 56. f5 Nxf5 57. Kxb3 Nxg3 58. Kc3 Ne2+ 59.
Kb3 Nd4+ 60. Ka3 Ne3 61. Kb2 Kb4 62. Ka2 Kxa4 63. Ka1 Kb4 64. Kb2 a4 65. Ka2 a3
66. Ka1 Kb3 67. Kb1 a2+ 68. Kc1 a1=Q+ 69. Kd2 Qd1+ 0-1

[Event "Koege Lang Jubilaeum Weekend Grp4 2022"]
[Site "Koge"]
[Date "2022.07.07"]
[Round "4"]
[White "Tolba, Henri"]
[Black "Noori, Yusuf"]
[Result "1-0"]
[WhiteElo "1612"]
[BlackElo "1594"]
[PlyCount "63"]
[EventDate "2022.07.06"]
[EventType "swiss"]
[EventRounds "9"]
[EventCountry "DEN"]

1. c4 c5 2. Nc3 e6 3. g3 Nf6 4. Bg2 d5 5. cxd5 exd5 6. d4 Be6 7. Nf3 Nc6 8. O-O
Be7 9. a3 O-O 10. Bg5 Ne4 11. Bxe7 Qxe7 12. e3 Nxc3 13. bxc3 Rfc8 14. Nd2 f5
15. Re1 c4 16. f3 Rab8 17. e4 Qd7 18. e5 a5 19. a4 b5 20. axb5 Rxb5 21. Qc2
Rcb8 22. Reb1 Na7 23. Rxa5 Rxb1+ 24. Nxb1 Rb6 25. Nd2 Qb7 26. f4 Rb2 27. Qc1
Qb6 28. Rxa7 Rxd2 29. Ra8+ Kf7 30. Qxd2 Qb1+ 31. Kf2 h6 32. Ra2 1-0

[Event "Koege Lang Jubilaeum Weekend Grp4 2022"]
[Site "Koge"]
[Date "2022.07.07"]
[Round "4"]
[White "Christensen, Jonas"]
[Black "Meskeniene, Virginija"]
[Result "0-1"]
[WhiteElo "1412"]
[BlackElo "1582"]
[PlyCount "154"]
[EventDate "2022.07.06"]
[EventType "swiss"]
[EventRounds "9"]
[EventCountry "DEN"]

1. d4 Nf6 2. c4 g6 3. g3 d5 4. Bg2 c6 5. Qc2 Bf5 6. Qb3 Qc8 7. Nf3 a5 8. Nc3
dxc4 9. Qxc4 b5 10. Qb3 a4 11. Qd1 Nbd7 12. Bf4 Qa6 13. Nh4 b4 14. Nxf5 bxc3
15. bxc3 gxf5 16. O-O Nd5 17. Bd2 Bg7 18. Re1 N7f6 19. Qc2 e6 20. f3 O-O 21. e4
fxe4 22. fxe4 Ne7 23. e5 Nd7 24. Re4 Rac8 25. Rg4 c5 26. Bh6 Ng6 27. Bxg7 Kxg7
28. Be4 f5 29. exf6+ Nxf6 30. Rg5 Nxe4 31. Qxe4 cxd4 32. Qxd4+ Kg8 33. Qe4 Qb6+
34. Kg2 Qc6 35. Qxc6 Rxc6 36. h4 Rf5 37. Rg4 Rxc3 38. h5 Rxh5 39. Rxa4 Rf5 40.
Rg4 Rc2+ 41. Kg1 Kf7 42. a4 Ne5 43. Rf4 Rxf4 44. gxf4 Nf3+ 45. Kf1 Rc8 46. a5
Ra8 47. Ke2 Nd4+ 48. Kd3 Nb3 49. Ra3 Nxa5 50. Ke4 Ra7 51. f5 Nc6 52. fxe6+ Kxe6
53. Rc3 Ra4+ 54. Ke3 Kd5 55. Rb3 Rh4 56. Rb5+ Kd6 57. Rb6 Rb4 58. Ra6 Kd5 59.
Ra8 Rb8 60. Ra4 Rb4 61. Rxb4 Nxb4 62. Kf4 Ke6 63. Kg5 Kf7 64. Kh6 Kg8 65. Kh5
Kg7 66. Kh4 Kg6 67. Kg4 h5+ 68. Kh4 Nd5 69. Kh3 Kg5 70. Kg3 Nc3 71. Kh3 h4 72.
Kg2 Kg4 73. Kh2 Ne2 74. Kg2 Ng3 75. Kg1 Kh3 76. Kf2 Kh2 77. Kf3 Ne4 0-1

[Event "Koege Lang Jubilaeum Weekend Grp4 2022"]
[Site "Koge"]
[Date "2022.07.07"]
[Round "4"]
[White "Chaudhury, Anmay Kumar"]
[Black "Meldal, Peter"]
[Result "1-0"]
[WhiteElo "1700"]
[BlackElo "1322"]
[PlyCount "73"]
[EventDate "2022.07.06"]
[EventType "swiss"]
[EventRounds "9"]
[EventCountry "DEN"]

1. e4 e5 2. Nf3 Nc6 3. Bb5 d6 4. d4 exd4 5. Nxd4 Bd7 6. Nc3 a6 7. Nxc6 bxc6 8.
Bc4 Nf6 9. O-O Be7 10. Bf4 O-O 11. Re1 Bg4 12. Qd2 Be6 13. Bb3 Bxb3 14. axb3
Ng4 15. Qe2 Qc8 16. Ra5 c5 17. Nd5 Bd8 18. h3 c6 19. hxg4 Bxa5 20. Ne7+ Kh8 21.
Nxc8 Raxc8 22. Ra1 Bc7 23. Rxa6 d5 24. Bxc7 Rxc7 25. exd5 cxd5 26. Qe5 Rd7 27.
Rd6 f6 28. Qe6 Rdf7 29. Rd8 Rxd8 30. Qxf7 d4 31. Qc7 Re8 32. Qxc5 h6 33. b4 Rd8
34. b5 d3 35. cxd3 Rxd3 36. Qc8+ Kh7 37. Qf5+ 1-0

[Event "Koege Lang Jubilaeum Weekend Grp4 2022"]
[Site "Koge"]
[Date "2022.07.07"]
[Round "4"]
[White "Dyremose, Morten Sigvart"]
[Black "Henriksen, Niels Sewerin"]
[Result "1-0"]
[WhiteElo "1432"]
[BlackElo "1325"]
[PlyCount "47"]
[EventDate "2022.07.06"]
[EventType "swiss"]
[EventRounds "9"]
[EventCountry "DEN"]

1. e4 d6 2. d4 Nf6 3. Nc3 Nbd7 4. Nf3 e5 5. dxe5 dxe5 6. Bc4 Bb4 7. Bd2 c6 8.
a3 Ba5 9. b4 Bb6 10. h3 Qc7 11. Qe2 O-O 12. O-O Nh5 13. Nh4 Ndf6 14. Na4 Bd4
15. c3 Nf4 16. Bxf4 Bxf2+ 17. Qxf2 Nxe4 18. Qf3 Nf6 19. Bg5 b5 20. Bxf6 bxa4
21. Qg3 g6 22. Qg5 Bxh3 23. Qh6 Qb6+ 24. Kh2 1-0

[Event "Koege Lang Jubilaeum Weekend Grp4 2022"]
[Site "Koge"]
[Date "2022.07.07"]
[Round "4"]
[White "Skjoldborg, Lasse Dahl"]
[Black "Haagen Larsen, Hans"]
[Result "0-1"]
[WhiteElo "1136"]
[BlackElo "1517"]
[PlyCount "82"]
[EventDate "2022.07.06"]
[EventType "swiss"]
[EventRounds "9"]
[EventCountry "DEN"]

1. e4 e6 2. d4 d5 3. e5 c5 4. c3 Ne7 5. Bb5+ Nd7 6. Nf3 Nc6 7. Nbd2 Qb6 8. c4
Nxd4 9. Nxd4 cxd4 10. Bxd7+ Bxd7 11. cxd5 exd5 12. O-O Bb5 13. Re1 Bc5 14. Nb3
Bb4 15. Bd2 Bxd2 16. Qxd2 d3 17. Nc1 O-O 18. Nxd3 Qd4 19. Rad1 Rfe8 20. b3 f6
21. e6 Rac8 22. a4 Bc6 23. Qc2 Qg4 24. h3 Qg6 25. Qd2 Re7 26. Nf4 Qe8 27. Qe3
Rd8 28. Qxa7 g5 29. Nd3 Rxe6 30. Rxe6 Qxe6 31. Qb6 Qd6 32. Rc1 d4 33. Nb4 Be4
34. Qxd6 Rxd6 35. Rc8+ Kg7 36. Rc7+ Kg6 37. Rc1 d3 38. f3 Bf5 39. g4 Be6 40.
Rd1 d2 41. Kf2 Bxb3 0-1

[Event "Koege Lang Jubilaeum Weekend Grp4 2022"]
[Site "Koge"]
[Date "2022.07.07"]
[Round "4"]
[White "Stuhr, Finn"]
[Black "Skarved, Mattias"]
[Result "1-0"]
[WhiteElo "1679"]
[BlackElo "1470"]
[PlyCount "25"]
[EventDate "2022.07.06"]
[EventType "swiss"]
[EventRounds "9"]
[EventCountry "DEN"]

1. e4 e5 2. Nf3 Nc6 3. Bb5 a6 4. Ba4 Bc5 5. O-O Nf6 6. Re1 b5 7. Bb3 Ng4 8. d4
exd4 9. Bxf7+ Kf8 10. Ng5 Nf6 11. e5 h6 12. exf6 Qxf6 13. Re8# 1-0

[Event "Koege Lang Jubilaeum Weekend Grp4 2022"]
[Site "Koge"]
[Date "2022.07.08"]
[Round "5"]
[White "Meskeniene, Virginija"]
[Black "Tolba, Henri"]
[Result "1-0"]
[WhiteElo "1582"]
[BlackElo "1612"]
[PlyCount "89"]
[EventDate "2022.07.06"]
[EventType "swiss"]
[EventRounds "9"]
[EventCountry "DEN"]

1. c4 g6 2. d4 Bg7 3. Nc3 Nf6 4. Nf3 O-O 5. Bg5 d6 6. e3 c6 7. Bd3 Nbd7 8. Qd2
Re8 9. e4 e5 10. d5 c5 11. O-O-O a6 12. h4 Qa5 13. Qe2 Rb8 14. a3 Nb6 15. Nd2
Na4 16. Nxa4 Qxa4 17. Bxf6 Bxf6 18. h5 g5 19. h6 Bh8 20. Qh5 f6 21. g3 Qd7 22.
Be2 b5 23. b3 Rf8 24. f4 bxc4 25. Bxc4 Qg4 26. Qxg4 Bxg4 27. Rdf1 a5 28. f5 a4
29. bxa4 Rb6 30. Bb5 Rfb8 31. Nc4 Rxb5 32. axb5 Rb7 33. b6 Rxb6 34. Rf2 Rb3 35.
Nxd6 Rxa3 36. Kb2 Ra6 37. Nc4 Ra4 38. Nd6 Ra6 39. Nc4 Ra4 40. Kb3 Rb4+ 41. Kc3
Bg7 42. hxg7 Kxg7 43. Rb2 h5 44. Rxb4 cxb4+ 45. Kxb4 1-0

[Event "Koege Lang Jubilaeum Weekend Grp4 2022"]
[Site "Koge"]
[Date "2022.07.08"]
[Round "5"]
[White "Meldal, Peter"]
[Black "Christensen, Jonas"]
[Result "1-0"]
[WhiteElo "1322"]
[BlackElo "1412"]
[PlyCount "131"]
[EventDate "2022.07.06"]
[EventType "swiss"]
[EventRounds "9"]
[EventCountry "DEN"]

1. e4 e5 2. f4 d6 3. Nf3 Bg4 4. Bc4 Nf6 5. d3 Nc6 6. O-O Nd4 7. Nbd2 c6 8. c3
Nxf3+ 9. Nxf3 Qb6+ 10. Kh1 Rd8 11. h3 h5 12. Qe1 Bxf3 13. Rxf3 Qc7 14. fxe5
dxe5 15. Bg5 Be7 16. a4 a6 17. Rd1 b5 18. axb5 axb5 19. Bb3 c5 20. Rf5 c4 21.
Bc2 Nh7 22. Bxe7 Qxe7 23. Qg3 O-O 24. Rxe5 Qc7 25. Qh2 Rb8 26. Rxh5 Qxh2+ 27.
Kxh2 g6 28. Rd5 Nf6 29. Rd6 Nh5 30. d4 b4 31. Bb1 bxc3 32. bxc3 Rb2 33. Rc6
Rfb8 34. d5 Rxb1 35. Rxb1 Rxb1 36. d6 Rd1 37. e5 Nf4 38. Rxc4 Ne6 39. Re4 Rd3
40. c4 Kf8 41. Kg1 Rd4 42. Rxd4 Nxd4 43. c5 Ke8 44. Kf2 Nc6 45. Ke3 Nxe5 46.
Ke4 Nc6 47. Kd5 Kd7 48. g3 Nd8 49. g4 g5 50. Ke5 Kc6 51. Kf6 Kxc5 52. Ke7 Ne6
53. d7 Kd5 54. Kxf7 Kd6 55. Ke8 Nc7+ 56. Kd8 Ne6+ 57. Kc8 Ke5 58. d8=Q Nxd8 59.
Kxd8 Kf4 60. Ke7 Ke5 61. Kf7 Ke4 62. Kg6 Kf4 63. Kh5 Kg3 64. Kxg5 Kxh3 65. Kf5
Kh4 66. g5 1-0

[Event "Koege Lang Jubilaeum Weekend Grp4 2022"]
[Site "Koge"]
[Date "2022.07.08"]
[Round "5"]
[White "Skjoldborg, Lasse Dahl"]
[Black "Dyremose, Morten Sigvart"]
[Result "1-0"]
[WhiteElo "1136"]
[BlackElo "1432"]
[PlyCount "105"]
[EventDate "2022.07.06"]
[EventType "swiss"]
[EventRounds "9"]
[EventCountry "DEN"]

1. e4 e5 2. Nf3 d6 3. Bc4 Nc6 4. d3 h6 5. Nc3 Nf6 6. Bd2 Be7 7. Qe2 Bg4 8. h3
Be6 9. Bxe6 fxe6 10. Be3 d5 11. exd5 exd5 12. d4 exd4 13. Nxd4 Nxd4 14. Bxd4
O-O 15. O-O-O Re8 16. Qf3 c6 17. g4 c5 18. Bxf6 Bxf6 19. Rxd5 Qe7 20. h4 Rf8
21. Rf5 Bxc3 22. Qxc3 Rxf5 23. gxf5 Re8 24. Rg1 Qe5 25. Qxe5 Rxe5 26. f6 Re6
27. fxg7 Re7 28. Kd2 Rxg7 29. Rxg7+ Kxg7 30. Ke3 Kf6 31. f4 Kf5 32. Kf3 h5 33.
c3 b6 34. a3 a6 35. Kg3 b5 36. Kf3 a5 37. b4 cxb4 38. cxb4 axb4 39. axb4 Kf6
40. Ke4 Ke6 41. f5+ Kf6 42. Kf4 Kf7 43. Kg5 Kg7 44. f6+ Kf7 45. Kf5 Kf8 46. Kg6
Kg8 47. Kxh5 Kf7 48. Kg5 Kf8 49. h5 Kg8 50. Kg6 Kf8 51. h6 Kg8 52. f7+ Kf8 53.
h7 1-0

[Event "Koege Lang Jubilaeum Weekend Grp4 2022"]
[Site "Koge"]
[Date "2022.07.08"]
[Round "5"]
[White "Stuhr, Finn"]
[Black "Haagen Larsen, Hans"]
[Result "0-1"]
[WhiteElo "1679"]
[BlackElo "1517"]
[PlyCount "118"]
[EventDate "2022.07.06"]
[EventType "swiss"]
[EventRounds "9"]
[EventCountry "DEN"]

1. e4 e6 2. d4 d5 3. e5 c5 4. c3 Ne7 5. Bd3 Nd7 6. f4 Nc6 7. Nf3 Be7 8. O-O Qb6
9. Qa4 f5 10. Rf2 O-O 11. Be3 a6 12. Nbd2 Qxb2 13. Rb1 Qxc3 14. Rb3 Qa5 15.
Qxa5 Nxa5 16. Rc3 c4 17. Bb1 b5 18. a3 Nb6 19. g4 Na4 20. Rc2 Bxa3 21. gxf5 b4
22. Nf1 b3 23. Rce2 Nc3 24. Re1 Nxb1 25. Rxb1 c3 26. Ra1 Bb4 27. Ne1 c2 28.
Nxc2 Bc3 29. Rb1 Rb8 30. Na1 Bxa1 31. Rxa1 Nc4 32. Bd2 b2 33. Rb1 Na3 34. Bb4
Nxb1 35. Rxb2 Rxf5 36. Rxb1 Rxf4 37. Rc1 Rxb4 38. Rxc8+ Kf7 39. Rc7+ Kg6 40.
Ng3 Rb6 41. Ne2 Re4 42. Rc2 a5 43. Ra2 Ra6 44. Kf2 Kf7 45. Ra4 g5 46. Ng3 Rf4+
47. Kg2 Kg6 48. Ne2 Rf7 49. Kg3 h5 50. h4 Rb7 51. hxg5 Kxg5 52. Kg2 Rb4 53. Ra3
h4 54. Ng1 a4 55. Nf3+ Kh5 56. Nd2 Rxd4 57. Nb3 Rg4+ 58. Kh3 Rg3+ 59. Kh2 Rxb3
0-1